000 00690nam a2200253Ia 4500
003 OSt
005 20220918220611.0
006 a|||||r|||| 00| 0
007 ta
008 220917b |||||||| |||| 00| 0 eng d
024 _a146,503
037 _cTextual
040 _aARTS
_cARTS
_beng
041 _2eng
_aeng
082 _aY41(L):3.2, L9
100 _aVenkataratnam R
_9137879
245 0 _aMedical sociology in an Indian settlement
260 _aMadras
_bMacmillan Company
_c1979
300 _axii, 273p. 20 tables
_ccm.
500 _aAppendix p257
650 _aSOCIOLOGY
942 _hY41(L):3.2, L9
_cTEXL
_2CC
999 _c269259
_d269259